Giải bài tập toán 2 Sổ tay toán tiểu học: Tài liệu tham khảo dùng cho học sinh, phụ huynh và giáo viên biên soạn theo chương trình SGK lớp 2 mới (2003) Tập 2
v.v...
Đã lưu trong:
| Tác giả chính: | |
|---|---|
| Định dạng: | Sách |
| Năm xuất bản: |
[K.đ]
Nghệ An
2003
|
| Chủ đề: | |
| Tags: |
Thêm thẻ
Không có thẻ, Hãy là người đầu tiên gắn thẻ bản ghi này!
|
| LEADER | 02035nam a2200277 4500 | ||
|---|---|---|---|
| 999 | |c 11100 |d 11100 | ||
| 082 | |a 372.7 |b Đ552TR | ||
| 100 | |a Đức Trọng | ||
| 245 | |a Giải bài tập toán 2 |c Đức Trọng |n Tập 2 |b Sổ tay toán tiểu học: Tài liệu tham khảo dùng cho học sinh, phụ huynh và giáo viên biên soạn theo chương trình SGK lớp 2 mới (2003) | ||
| 260 | |a [K.đ] |b Nghệ An |c 2003 | ||
| 300 | |a 128 tr. |c 21 cm. | ||
| 520 | |a v.v... | ||
| 653 | |a Giáo dục tiểu học | ||
| 653 | |a Toán học | ||
| 653 | |a Lớp 2 | ||
| 653 | |a Giải bài tập | ||
| 942 | |2 ddc |c STK0 | ||
| 952 | |0 0 |1 0 |2 ddc |4 0 |6 372_700000000000000_Đ552TR |7 0 |8 300 |9 95601 |a qbu |b qbu |c D2 |d 2015-09-29 |g 9000 |o 372.7 Đ552TR |p 10830.c1 |r 0000-00-00 |w 2015-09-29 |y STK0 | ||
| 952 | |0 0 |1 0 |2 ddc |4 0 |6 372_700000000000000_Đ552TR |7 0 |8 300 |9 95602 |a qbu |b qbu |c D2 |d 2015-09-29 |g 9000 |o 372.7 Đ552TR |p 10830.c2 |r 0000-00-00 |w 2015-09-29 |y STK0 | ||
| 952 | |0 0 |1 0 |2 ddc |4 0 |6 372_700000000000000_Đ552TR |7 0 |8 300 |9 95603 |a qbu |b qbu |c D2 |d 2015-09-29 |g 9000 |o 372.7 Đ552TR |p 10830.c3 |r 0000-00-00 |w 2015-09-29 |y STK0 | ||
| 952 | |0 0 |1 0 |2 ddc |4 0 |6 372_700000000000000_Đ552TR |7 0 |8 300 |9 95604 |a qbu |b qbu |c D2 |d 2015-09-29 |g 9000 |o 372.7 Đ552TR |p 10830.c4 |r 0000-00-00 |w 2015-09-29 |y STK0 | ||
| 952 | |0 0 |1 0 |2 ddc |4 0 |6 372_700000000000000_Đ552TR |7 0 |8 300 |9 95605 |a qbu |b qbu |c D2 |d 2015-09-29 |g 9000 |o 372.7 Đ552TR |p 10830.c5 |r 0000-00-00 |w 2015-09-29 |y STK0 | ||
| 952 | |0 0 |1 0 |2 ddc |4 0 |6 372_700000000000000_Đ552TR |7 0 |8 300 |9 95606 |a qbu |b qbu |c D2 |d 2015-09-29 |g 9000 |o 372.7 Đ552TR |p 10830.c6 |r 0000-00-00 |w 2015-09-29 |y STK0 | ||
| 952 | |0 0 |1 0 |2 ddc |4 0 |6 372_700000000000000_Đ552TR |7 0 |8 300 |9 95607 |a qbu |b qbu |c D2 |d 2015-09-29 |g 9000 |o 372.7 Đ552TR |p 10830.c7 |r 0000-00-00 |w 2015-09-29 |y STK0 | ||
| 952 | |0 0 |1 0 |2 ddc |4 0 |6 372_700000000000000_Đ552TR |7 0 |8 300 |9 95608 |a qbu |b qbu |c D2 |d 2015-09-29 |g 9000 |o 372.7 Đ552TR |p 10830.c8 |r 0000-00-00 |w 2015-09-29 |y STK0 | ||
| 952 | |0 0 |1 0 |2 ddc |4 0 |6 372_700000000000000_Đ552TR |7 0 |8 300 |9 95609 |a qbu |b qbu |c D2 |d 2015-09-29 |g 9000 |o 372.7 Đ552TR |p 10830.c9 |r 0000-00-00 |w 2015-09-29 |y STK0 | ||